UM Logo

Ethical behavior of pedicab drivers: (Record no. 13878)

MARC details
000 -LEADER
fixed length control field 00740nam a22002057a 4500
003 - CONTROL NUMBER IDENTIFIER
control field OSt
005 - DATE AND TIME OF LATEST TRANSACTION
control field 20190506105210.0
008 - FIXED-LENGTH DATA ELEMENTS--GENERAL INFORMATION
fixed length control field 190506b ||||| |||| 00| 0 eng d
040 ## - CATALOGING SOURCE
Transcribing agency UMDC
082 ## - DEWEY DECIMAL CLASSIFICATION NUMBER
Edition number 2018
Classification number UT 1273
Item number P19
100 ## - MAIN ENTRY--PERSONAL NAME
Personal name Pantinople, Jannah Pearl A.
9 (RLIN) 38628
245 ## - TITLE STATEMENT
Title Ethical behavior of pedicab drivers:
Remainder of title Commuter's sentiments at Zone 2, Digos City/
Statement of responsibility, etc. Jannah Pearl A. Pantinople, Justine Shaina M. Terante and Marriz A. Josol
260 ## - PUBLICATION, DISTRIBUTION, ETC. (IMPRINT)
Place of publication, distribution, etc. Digos City:
Name of publisher, distributor, etc. UMDC
Date of publication, distribution, etc. November 2018
300 ## - PHYSICAL DESCRIPTION
Extent 61 pages.
Dimensions 30 cm.
650 ## - SUBJECT ADDED ENTRY--TOPICAL TERM
Topical term or geographic name as entry element Crimonology
Form subdivision Undergraduate thesis.
9 (RLIN) 38629
700 ## - ADDED ENTRY--PERSONAL NAME
Personal name Pantinople, Jannah Pearl A.
9 (RLIN) 38628
700 ## - ADDED ENTRY--PERSONAL NAME
Personal name ternate, Justine Shaina M.
9 (RLIN) 38630
700 ## - ADDED ENTRY--PERSONAL NAME
Personal name Josol, Marriz A.
9 (RLIN) 38631
942 ## - ADDED ENTRY ELEMENTS (KOHA)
Source of classification or shelving scheme Dewey Decimal Classification
Koha item type Undergraduate Thesis
Holdings
Withdrawn status Lost status Source of classification or shelving scheme Damaged status Not for loan Collection code Home library Current library Date acquired Total Checkouts Full call number Barcode Date last seen Price effective from Koha item type
    Dewey Decimal Classification     Undergraduate Theses UM Digos College - LIC UM Digos College - LIC 04/23/2019   UT 1273 P19 UT 1273 05/06/2019 05/06/2019 Undergraduate Thesis